Resistance Gene Candidates from Zingiber spp. Isolation, Characterization and expression analysis/ (Record no. 750074)

MARC details
000 -LEADER
fixed length control field 00399nam a2200109 4500
082 ## - DEWEY DECIMAL CLASSIFICATION NUMBER
Classification number 660.6 NAI
084 ## - OTHER CLASSIFICATION NUMBER
Source of Number Colon Classification
100 ## - MAIN ENTRY--AUTHOR NAME
Personal name Nair, Aswathi R
245 ## - TITLE STATEMENT
Title Resistance Gene Candidates from Zingiber spp. Isolation, Characterization and expression analysis/
Statement of responsibility, etc R Aswathi Nair
260 ## - PUBLICATION, DISTRIBUTION, ETC. (IMPRINT)
Place of publication Rajiv Gandhi Centre for Biotechnology (RGCB);
Name of publisher University of Kerala:
Year of publication 2006.
942 ## - ADDED ENTRY ELEMENTS (KOHA)
Source of classification or shelving scheme Dewey Decimal Classification
Koha item type PhD Thesis
Holdings
Withdrawn status Lost status Source of classification or shelving scheme Damaged status Not for loan Home Library Current Location Date acquired Full call number Accession Number Price effective from Koha item type
    Dewey Decimal Classification     Dept. of Bio-Technology Dept. of Bio-Technology 30/06/2025 660.6 NAI BTYT24 30/06/2025 PhD Thesis